Nicaragua: actores nacionales y fuerzas externas en las elecciones de 2006 /
A diferencia de lo que ocurre en las democracias consolidadas, en Nicaragua cada una de las elecciones realizadas desde el fin de la etapa revolucionaria marcó el comienzo de cambios impredecibles y abruptos. Hoy, la política gira en torno del pacto bipartidista entre liberales y sandinistas, aunque...
Uloženo v:
| Hlavní autor: | |
|---|---|
| Médium: | Text |
| Témata: | |
| Tagy: |
Přidat tag
Žádné tagy, Buďte první, kdo vytvoří štítek k tomuto záznamu!
|
MARC
| LEADER | 00000 a a2200000 04500 | ||
|---|---|---|---|
| 001 | 10819 | ||
| 003 | |||
| 040 | |||
| 100 | |a Pérez - Baltodano, Andrés | ||
| 245 | |a Nicaragua: |b actores nacionales y fuerzas externas en las elecciones de 2006 / |c Andrés Pérez - Baltodano | ||
| 500 | |a Resumen también en inglés páginas 204 | ||
| 520 | |a A diferencia de lo que ocurre en las democracias consolidadas, en Nicaragua cada una de las elecciones realizadas desde el fin de la etapa revolucionaria marcó el comienzo de cambios impredecibles y abruptos. Hoy, la política gira en torno del pacto bipartidista entre liberales y sandinistas, aunque las conducciones de Arnoldo Alemán y Daniel Ortega están siendo amenazadas por nuevos liderazgos que denuncian la corrupción y la impunidad. La situación es aún más compleja debido a la influencia de actores externos, como Estados Unidos y Venezuela, que están adquiriendo un peligroso protagonismo con vistas a las elecciones del 5 de noviembre | ||
| 650 | |a ELECCIONES | ||
| 650 | |a COMPORTAMIENTO POLITICO | ||
| 650 | |a CRISIS | ||
| 650 | |a CORRUPCION | ||
| 650 | |a NICARAGUA | ||
| 773 | |g número 204; páginas 14-23 | ||
| 999 | |c 33954 |d 33954 | ||
